LEADER 01482nam a2200301 i 4500 001 000000116494 003 CaOOAMICUS 005 20030708000000.0 008 030708s2003 fr u000 u fre u 013 $a89183 020 $a2-204-07096-3 040 $aSeMil$bita 100 1 $aVillemin, Laurent,$d<1964-2017>.$0(OLS)http://semarc/name/93064 240 00$aPouvoir d'ordre et povoir de juridiction.$0(OLS)http://semarc/title/170841 245 10$aPouvoir d'ordre et pouvoir de juridiction :$bhistoire théologique de leur distinction /$cLaurent Villemin ; préface par Patrick Valdrini ; postface par Hervé Legrand. 260 $aParis :$bLes Éditions du Cerf,$c2003. 300 $a505 p. ;$c22 cm. 490 0 $aCogitatio Fidei [Cerf]v228 650 4$aPotestà ecclesiastica - Storia - Sec. 12.-20.$0(OLS)http://semarc/subject/21483 700 1 $aValdrini, Patrick.$0(OLS)http://semarc/name/21542 700 1 $aLegrand, Hervé,$c.$0(OLS)http://semarc/name/90345 830 0$aCogitatio Fidei ;$v228.$0(OLS)http://semarc/title/206 850 $aSeMil 852 $aSeMil$W1$xVenegono$y1$m2BA N 228$j71932$B71932$CSeMilBibl$Z2$F76077 $81 961 $aAcquisto: SODIS 996 $6020$a2-204-07096-3$9(OLS)http://semarc/number/100639 996 $6245$aPouvoir d'ordre et pouvoir de juridiction :$bhistoire théologique de leur distinction$9(OLS)http://semarc/title/170842 996 $6260$aParis :$bLes Éditions du Cerf$9(OLS)http://semarc/publisher/29611 LEADER 01111nam a2200265 i 4500 001 000000119077 003 CaOOAMICUS 005 20091125000000.0 008 091125s2000 it u000 u ita u 013 $a91770 020 $a88-86881-41-X 040 $aSeMil$bita 100 1 $aSpicacci, Virginio,$d<1941- >.$0(OLS)http://semarc/name/89832 245 13$aLa buona notizia di Gesù :$bun saggio di primo annuncio /$c[Virginio Spicacci]. 260 $aSaronno (VA) :$bMonti,$ccopyr. 2000. 300 $a335 p. ;$c21 cm. 500 $aFormulazione della responsabilità tratta dalla copertina. - Fondo Card. C.M. Martini. 650 4$aEvangelizzazione.$0(OLS)http://semarc/subject/670 850 $aSeMil 852 $aSeMil$W1$xVenegono$y1$m2F I 253$j232748$B74321$CSeMilBibl$Z2$F101148 $81 941 1 $a4 961 $aOmaggio: Martini Card. Carlo Maria 996 $6020$a88-86881-41-X$9(OLS)http://semarc/number/103850 996 $6245$aLa buona notizia di Gesù :$bun saggio di primo annuncio$9(OLS)http://semarc/title/174980 996 $6260$aSaronno (VA) :$bMonti$9(OLS)http://semarc/publisher/29863